English Heritage research transactions. Volume 5 - Thatch : thatching in England 1790 - 1940 (Record no. 99565)

MARC details
000 -LEADER
fixed length control field 00946cam a2200241 4500
008 - FIXED-LENGTH DATA ELEMENTS--GENERAL INFORMATION
fixed length control field 000000n1999 000 0 eng u
020 ## - INTERNATIONAL STANDARD BOOK NUMBER
International Standard Book Number 1873936958
035 ## - SYSTEM CONTROL NUMBER
System control number (Sirsi) u100055
041 ## - LANGUAGE CODE
Language code of text/sound track or separate title ENG
050 ## - LIBRARY OF CONGRESS CALL NUMBER
Classification number 695.92
100 ## - MAIN ENTRY--PERSONAL NAME
Personal name Moir, J.
245 ## - TITLE STATEMENT
Title English Heritage research transactions. Volume 5 - Thatch : thatching in England 1790 - 1940
260 ## - PUBLICATION, DISTRIBUTION, ETC.
Place of publication, distribution, etc. London
Name of publisher, distributor, etc. James & James
Date of publication, distribution, etc. 1999
300 ## - PHYSICAL DESCRIPTION
Extent xi,218p.
Other physical details ill.
Dimensions 30cm.
350 ## - PRICE (NR) (BK AM CF MU VM SE) [OBSOLETE]
Price 30.00
490 ## - SERIES STATEMENT
Series statement English Heritage Research Transactions
Volume/sequential designation 5
520 ## - SUMMARY, ETC.
Summary, etc. Describes the history of thatching in England from 1970 - 1940 considering demand and declines, materials and their supply, techniques and the status of thatching as a profession. The final section discusses the role of the Rural Industries Bureau in the discovery of thatchers from 1909 - 1939.
650 ## - SUBJECT ADDED ENTRY--TOPICAL TERM
Topical term or geographic name entry element THATCHING
650 ## - SUBJECT ADDED ENTRY--TOPICAL TERM
Topical term or geographic name entry element ROOFING
690 ## - LOCAL SUBJECT ADDED ENTRY--TOPICAL TERM (OCLC, RLIN)
Topical term or geographic name as entry element BUILT ENVIRONMENT
700 ## - ADDED ENTRY--PERSONAL NAME
Personal name Letts, J.
942 ## - ADDED ENTRY ELEMENTS (KOHA)
Suppress in OPAC 0
Holdings
Withdrawn status Lost status Source of classification or shelving scheme Damaged status Not for loan Home library Current library Shelving location Date acquired Cost, normal purchase price Total Checkouts Full call number Barcode Date last seen Date last checked out Copy number Cost, replacement price Price effective from Koha item type
    Dewey Decimal Classification     London London Books 05/09/2002 30.00 3 F695.92 MOI 30066626 06/08/2019 12/04/2006 1 30.00 06/08/2019 Book